000 00687nam a22001577a 4500
003 OSt
005 20150906115824.0
008 150906b xxu||||| |||| 00| 0 eng d
040 _cRUA
082 _aAGR ជា 1990 B001 Or.1
100 _999
_aជា សុខលី
245 _aចំណីអាហារដ៏សមស្របបំផុតរបស់ពោតបង្កាត់ក្នុងស្រុកនិងផលិតផលរបស់វា​នៅលើដីល្បប់ល្បាយខ្សាច់ព្រមទាំងមានការស្រោចស្រព
260 _aPhnom Penh
_bRUA
_c1990
300 _a89p.
_bill.
_c29cm.
942 _2ddc
_cAGR
999 _c94
_d94